Т. 81, № 8; Заводская лаборатория. Диагностика материалов

Xehetasun bibliografikoak
Parent link:Заводская лаборатория. Диагностика материалов/ Издательство "Тест-ЗЛ". Т. 81, № 8.— , 1995-
Hizkuntza:errusiera
Argitaratua: 2015
Formatua: Liburua
KOHA link:https://koha.lib.tpu.ru/cgi-bin/koha/opac-detail.pl?biblionumber=548817

MARC

LEADER 00000nam2a2200000 4500
001 548817
005 20231101120419.0
035 |a (RuTPU)RU\TPU\prd\241895 
090 |a 548817 
100 |a 20150928a19329999k y0rusy50 ca 
101 0 |a rus 
102 |a RU 
200 0 |a Т. 81, № 8 
210 |d 2015 
461 1 |0 (RuTPU)RU\TPU\prd\1487  |t Заводская лаборатория. Диагностика материалов  |f Издательство "Тест-ЗЛ"  |v Т. 81, № 8  |d 1995- 
801 0 |a RU  |b 63413507  |c 20010227  |g PSBO 
801 1 |a RU  |b 63413507  |c 20150928 
801 2 |a RU  |b 63413507  |c 20230410  |g RCR 
942 |c BK 
999 |a НТБ_ТПУ  |b НФ  |e -1/20150112  |p П-3035  |s 1/20150608  |u 0,00  |v 1